000 00746nam a2200289Ia 4500
005 20260324122540.0
008 008 260324s9999 xx 000 0 eng d
020 _a9780203525821
037 _aEBOOK
040 _aCRL
040 _beng
040 _cCRL
041 _2eng
041 _aeng
084 _qCRL
100 _aBård A. Andreassen; Gordon Crawford
_91166876
245 0 _aHuman Rights, Power and Civic Action
245 0 _bComparative analyses of struggles for rights in developing societies
260 _bTaylor and Francis
260 _c2013
365 _a
365 _b240
856 _uhttp://www.taylorfrancis.com/books/9780203525821
942 _cEBOOK
999 _c1759711
_d1759711